| 000 | 00691nam a2200217Ia 4500 | ||
|---|---|---|---|
| 008 | 240729s9999 xx 000 0 und d | ||
| 022 | _a2353-2807 | ||
| 245 | 0 | _aCentral European Journal of Sport Sciences and Medicine | |
| 260 | _aPoland | ||
| 260 | _bWydawnictwo Naukowe Uniwersytetu Szczecińskiego | ||
| 650 | _a Internal medicine | ||
| 650 | _a Physiology | ||
| 650 | _a Recreation. Leisure | ||
| 650 | _a Special situations and conditions | ||
| 650 | _a Sports | Medicine | ||
| 650 | _a Sports medicine | Science | ||
| 650 | _aGeography. Anthropology. Recreation | ||
| 856 | _uhttps://doaj.org/toc/d9c759a74f3f4fe39547d157a849f918 | ||
| 942 | _2ddc | ||
| 942 | _cDOAJEJ | ||
| 999 |
_c71138 _d71138 |
||
| 945 |
_a1 _bMadushi Gamage _c1 _dMadushi Gamage |
||